000 00341 a2200145 4500
001 68160
040 _cAnchieta - Pituba
100 _aDíaz Bordenave, Juan
240 1 0 _aEstratégias de ensino-aprendizagem
_lpor
245 1 0 _aEstratégias de ensino-aprendizagem
300 _a312
362 0 _a1984
650 4 _aEducação
942 _cBK
999 _c68160
_d68160